WHO`S WHO ON INDIAN WRITERS - 1999 VOL-II (N-Z) (क.क्र. 31/1) (Record no. 378255)

MARC details
000 -LEADER
fixed length control field 00588nam a2200181Ia 4500
008 - FIXED-LENGTH DATA ELEMENTS--GENERAL INFORMATION
fixed length control field 100122s9999 xx 000 0 und d
082 ## - DEWEY DECIMAL CLASSIFICATION NUMBER
Item number 61273
Classification number 928.08
100 ## - MAIN ENTRY--PERSONAL NAME
Personal name DUTTA KRISHNA
245 ## - TITLE STATEMENT
Title WHO`S WHO ON INDIAN WRITERS - 1999 VOL-II (N-Z) (क.क्र. 31/1)
250 ## - EDITION STATEMENT
Edition statement 0
260 ## - PUBLICATION, DISTRIBUTION, ETC. (IMPRINT)
Name of publisher, distributor, etc SAHITYA AKADEMI
Date of publication, distribution, etc 1999
300 ## - PHYSICAL DESCRIPTION
Extent 1490
520 ## - SUMMARY, ETC.
Summary, etc INDIAN WRITERS
620 ## -
-- INDIAN WRITERS
630 ## - SUBJECT ADDED ENTRY--UNIFORM TITLE
Uniform title WHO`S WHO ON INDIAN WRITERS - 1999 VOL-II (N-Z) (क.क्र. 31/1)
730 ## - ADDED ENTRY--UNIFORM TITLE
Uniform title WHO`S WHO ON INDIAN WRITERS - 1999 VOL-II (N-Z) (क.क्र. 31/1)
942 ## - ADDED ENTRY ELEMENTS (KOHA)
Koha item type Book
Holdings
Withdrawn status Lost status Damaged status Not for loan Home library Current library Shelving location Date acquired Cost, normal purchase price Total Checkouts Full call number Barcode Date last seen Cost, replacement price Price effective from Koha item type Public note
        S.V. Pathak Library, Vile Parle S.V. Pathak Library, Vile Parle   06/30/2002 1000.00   61273 SVPPARLE-61273 01/25/2010 1000.00 01/25/2010 Book "(क.क्र.31/1), , General, NA"